Clubs de ProD2 - Statistiques

Statistiques générales
  • Ce quiz a été pris 61 fois
  • Le résultat moyen est 12 sur 16
Statistiques - réponses
Réponse % Correct
FC Grenoble Rugby
96%
Biarritz Olympique
88%
CA Brive
83%
Colomiers Rugby
77%
Stade Niçois Rgby
77%
SU Agen
77%
US Dax
77%
Provence Rugby
75%
US Montalbanaise
75%
Valence Romans
75%
Soyaux-Angoulême XV
73%
Stade Montois Rugby
73%
USON Nevers
71%
Stade Aurillacois
69%
AS Béziers Hérault
65%
Oyonax Rugby
46%
Aucun quiz correspondant
Distribution des résultats
% des personnes avec chaque résultat
Percentile par nombre de réponses
Votre historique - résultats
Vous n’avez pas pris ce quiz